MDQL
is popping MORE tags! Check the
thread
!
Quizzes
Events
Quiz Creation
Community
Videos
Private Events
Remove Ads
Sign In
Join for FREE
Feedback
Dark Mode
Quiz Categories
Sports
Geography
Music
Movies
Television
Just For Fun
Miscellaneous
History
Literature
Language
Science
Gaming
Entertainment
Religion
Holiday
For Kids
Quiz Lab
Recent
Popular Today
Quiz Kudos Today
Editor Picks
Curator Picks
Quizzes by...
Day
Popularity
Type
Ratings
Length
Year
Community
Subscriptions
Recent Discussions
Orange Saloon
Badges
Playlists
Quests
Create
Leaderboards
Showdown
Live 5
Trivia Bingo
Activity
Puzzle Library
Sporcle Events
Private Events
Virtual Trivia
Globe League
Become a Host
Pub Owners
SporcleCon
Opinionation
Our Games
Videos
Blog
Mobile Apps
Partnerships
Remove Ads and Go Orange
Feedback
Sports
Athletes
MLB
NBA
NHL
NFL
Soccer
Sports Teams
WWE
NCAA
Football
Premier League
Basketball
Baseball
Hockey
Golf
Tennis
Cricket
Rugby
Auto Racing
Olympics
World Cup
Sports
Athletes
MLB
NBA
NHL
NFL
Soccer
Sports Teams
WWE
NCAA
Football
Premier League
Basketball
Baseball
Hockey
Golf
Tennis
Cricket
Rugby
Auto Racing
Olympics
World Cup
Random Quiz
Search Sporcle
×
Quiz Lab
Quiz Lab
Sports
MLB
Type in answers that appear in a list
Type in answers that appear in a list
Classic
Best Score? Go Orange.
MLB Opening Day Pitchers (2000s) Stats
Can you name the pitchers who started an opening day game from 2000-2010?
By
Jethro
14m
195 Questions
4,468 Plays
4,468 Plays
4,468 Plays
Comments
Comments
Give Quiz Kudos
Give Quiz Kudos
-
- Ratings
hide this ad
More Info
Replay
Link that replays current quiz
Next Quiz
Link to next quiz in quiz playlist
You Got
0%
They Got
Avg Score
47%
Avg Friend Score
Upgrade to see
Score Distribution
Jump to the score distribution portion of the page
Score
0/195
Timer
14:00
0
Plays Today
Team
Player
% Correct
Arizona Diamondbacks
Randy Johnson
97.7%
New York Yankees
Randy Johnson
97.7%
Florida Marlins
Josh Johnson
97.4%
Detroit Tigers
Jason Johnson
97.3%
Cleveland Indians
CC Sabathia
92.6%
New York Yankees
CC Sabathia
92.6%
Boston Red Sox
Curt Schilling
92.2%
Atlanta Braves
Greg Maddux
91.3%
Atlanta Braves
Tom Glavine
91.3%
New York Mets
Tom Glavine
91.3%
Boston Red Sox
Pedro Martinez
90.8%
New York Mets
Pedro Martinez
90.8%
Toronto Blue Jays
Roy Halladay
90.8%
Philadelphia Phillies
Roy Halladay
90.7%
Cleveland Indians
Cliff Lee
90.5%
Minnesota Twins
Johan Santana
89.9%
New York Mets
Johan Santana
89.9%
Houston Astros
Roy Oswalt
89.8%
Detroit Tigers
Justin Verlander
89.3%
Chicago Cubs
Carlos Zambrano
88.7%
Tampa Bay Rays
Victor Zambrano
88.5%
Atlanta Braves
John Smoltz
88.4%
Chicago White Sox
Mark Buehrle
88.2%
Seattle Mariners
Felix Hernandez
88%
New York Yankees
Orlando Hernandez
87.8%
Atlanta Braves
Tim Hudson
87.8%
Oakland Athletics
Tim Hudson
87.8%
Minnesota Twins
Livan Hernandez
87.7%
San Francisco Giants
Livan Hernandez
87.7%
Washington Nationals
Livan Hernandez
87.7%
Kansas City Royals
Runelvys Hernandez
87.7%
New York Yankees
Roger Clemens
87.3%
Boston Red Sox
Josh Beckett
87%
Florida Marlins
Josh Beckett
87%
San Francisco Giants
Barry Zito
85.4%
Oakland Athletics
Barry Zito
85.4%
Arizona Diamondbacks
Brandon Webb
84.5%
Toronto Blue Jays
Chris Carpenter
84.4%
St. Louis Cardinals
Chris Carpenter
84.3%
Kansas City Royals
Zack Greinke
83.8%
San Diego Padres
Jake Peavy
81.5%
Chicago Cubs
Kerry Wood
77.9%
Baltimore Orioles
Mike Mussina
76.1%
New York Yankees
Mike Mussina
76.1%
Colorado Rockies
Ubaldo Jimenez
75.1%
St. Louis Cardinals
Adam Wainwright
75.1%
Oakland Athletics
Mark Mulder
74.9%
Milwaukee Brewers
Ben Sheets
74.5%
Oakland Athletics
Ben Sheets
74.5%
San Francisco Giants
Tim Lincecum
74.3%
Cincinnati Reds
Aaron Harang
71.7%
Los Angeles Angels of Anaheim
Jered Weaver
70.9%
Detroit Tigers
Jeff Weaver
70.9%
Los Angeles Angels of Anaheim
John Lackey
70.7%
Seattle Mariners
Jamie Moyer
69%
Atlanta Braves
Derek Lowe
68.9%
Los Angeles Dodgers
Derek Lowe
68.9%
Arizona Diamondbacks
Dan Haren
68.4%
Oakland Athletics
Dan Haren
68.4%
Cleveland Indians
Bartolo Colon
65.9%
Los Angeles Angels of Anaheim
Bartolo Colon
65.9%
Tampa Bay Rays
James Shields
63.9%
Florida Marlins
Dontrelle Willis
63.9%
Baltimore Orioles
Kevin Millwood
63.4%
Philadelphia Phillies
Kevin Millwood
63.4%
Team
Player
% Correct
Texas Rangers
Kevin Millwood
63.4%
Tampa Bay Rays
Scott Kazmir
63%
Detroit Tigers
Kenny Rogers
60.3%
Texas Rangers
Kenny Rogers
60.3%
Pittsburgh Pirates
Jason Schmidt
58.4%
San Francisco Giants
Jason Schmidt
58.4%
Colorado Rockies
Mike Hampton
57.3%
New York Mets
Mike Hampton
57.3%
Los Angeles Dodgers
Kevin Brown
56.8%
Minnesota Twins
Brad Radke
56.2%
Chicago White Sox
David Wells
55.6%
Toronto Blue Jays
David Wells
55.6%
Colorado Rockies
Kip Wells
55.5%
Boston Red Sox
Davis Wells
55.5%
Pittsburgh Pirates
Kip Wells
55.5%
Seattle Mariners
Freddy Garcia
55.5%
Minnesota Twins
Francisco Liriano
52.9%
Milwaukee Brewers
Yovani Gallardo
52.6%
Florida Marlins
Ryan Dempster
52.1%
Cincinnati Reds
Paul Wilson
50.6%
Colorado Rockies
Aaron Cook
49.7%
St. Louis Cardinals
Matt Morris
49.7%
Washington Nationals
Javier Vazquez
49.7%
Arizona Diamondbacks
Javier Vazquez
49.6%
Detroit Tigers
Jeremy Bonderman
49%
Baltimore Orioles
Erik Bedard
48.7%
Seattle Mariners
Erik Bedard
48.7%
Philadelphia Phillies
Brett Myers
46.7%
Pittsburgh Pirates
Zach Duke
45.2%
New York Yankees
Carl Pavano
44.4%
Los Angeles Dodgers
Brad Penny
44%
Kansas City Royals
Gil Meche
43.8%
San Diego Padres
Woody Williams
43.7%
Boston Red Sox
Daisuke Matsuzaka
43.6%
Pittsburgh Pirates
Oliver Perez
42.4%
Washington Nationals
Odalis Perez
42.3%
Detroit Tigers
Hideo Nomo
42.3%
Los Angeles Dodgers
Hideo Nomo
42.3%
New York Mets
Al Leiter
41.8%
Cleveland Indians
Jake Westbrook
41.6%
San Diego Padres
Jon Garland
40.3%
New York Yankees
Chien-Ming Wang
39.5%
Atlanta Braves
Russ Ortiz
39.2%
Milwaukee Brewers
Doug Davis
38.8%
Chicago White Sox
Jose Contreras
38.6%
Baltimore Orioles
Jeremy Guthrie
37.9%
Baltimore Orioles
Rodrigo Lopez
37.2%
St. Louis Cardinals
Darryl Kile
37.2%
Tampa Bay Rays
Albie Lopez
37.1%
Cleveland Indians
Fausto Carmona
36.7%
Oakland Athletics
Joe Blanton
36.3%
Baltimore Orioles
Sidney Ponson
35.4%
Toronto Blue Jays
Esteban Loaiza
35.2%
Texas Rangers
Chan Ho Park
34.9%
Los Angeles Dodgers
Chan Ho Park
34.9%
Chicago Cubs
Jon Lieber
34.9%
Philadelphia Phillies
Jon Lieber
34.9%
Kansas City Royals
Brian Anderson
34.4%
Kansas City Royals
Jeff Suppan
34%
Milwaukee Brewers
Jeff Suppan
34%
Los Angeles Dodgers
Vicente Padilla
33.7%
Los Angeles Dodgers
Clayton Kershaw
32.2%
Boston Red Sox
Jon Lester
32.1%
Pittsburgh Pirates
Paul Maholm
30%
Los Angeles Angels of Anaheim
Jarrod Washburn
27.8%
Team
Player
% Correct
Houston Astros
Wade Miller
27.5%
Detroit Tigers
Mike Maroth
27%
Colorado Rockies
Jason Jennings
26.6%
Minnesota Twins
Scott Baker
26.6%
Washington Nationals
John Lannan
25.8%
Colorado Rockies
Joe Kennedy
25.5%
Tampa Bay Rays
Joe Kennedy
25.4%
St. Louis Cardinals
Kyle Lohse
25.3%
Oakland Athletics
Kevin Appier
24.6%
Florida Marlins
Ricky Nolasco
24.4%
Chicago Cubs
Ryan Dempster
23.3%
Toronto Blue Jays
Shaun Marcum
22.8%
Los Angeles Dodgers
Hiroki Kuroda
22.4%
Pittsburgh Pirates
Ian Snell
22.3%
Florida Marlins
Alex Fernandez
21.7%
Los Angeles Angels of Anaheim
Joe Saunders
21.6%
Kansas City Royals
Jose Lima
21%
Pittsburgh Pirates
Kris Benson
20.6%
Tampa Bay Rays
Steve Trachsel
20.3%
Houston Astros
Brett Myers
20.2%
Cincinnati Reds
Edinson Volquez
20.1%
Minnesota Twins
Carl Pavano
19.4%
Atlanta Braves
John Burkett
18.5%
Milwaukee Brewers
Jamey Wright
18.5%
Oakland Athletics
Dallas Braden
18.4%
Arizona Diamondbacks
Ian Kennedy
17.5%
San Francisco Giants
Kirk Rueter
16.2%
Baltimore Orioles
Scott Erickson
15.6%
Los Angeles Angels of Anaheim
Ken Hill
15.5%
Houston Astros
Shane Reynolds
15.1%
Texas Rangers
Scott Feldman
14.9%
Baltimore Orioles
Pat Hentgen
13%
Cincinnati Reds
Cory Lidle
11.8%
Philadelphia Phillies
Andy Ashby
11.4%
Colorado Rockies
Pedro Astacio
11.3%
Texas Rangers
Rick Helling
11%
Washington Nationals
Tony Armas
11%
Florida Marlins
Mark Hendrickson
10.7%
Philadelphia Phillies
Robert Person
9.6%
Philadelphia Phillies
Omar Daal
8.9%
New York Mets
Mike Pelfrey
8.3%
Washington Nationals
John Patterson
8.1%
Colorado Rockies
Shawn Estes
7.9%
Cincinnati Reds
Pete Harnisch
7.7%
Cincinnati Reds
Joey Hamilton
7.5%
San Diego Padres
Brian Lawrence
7.4%
San Diego Padres
Sterling Hitchcock
6.9%
Oakland Athletics
Trevor Cahill
6.8%
Texas Rangers
Ismael Valdez
5.7%
Kansas City Royals
Luke Hochevar
5.6%
Chicago White Sox
Mike Sirotka
5.3%
Houston Astros
Scott Elarton
5.2%
Kansas City Royals
Scott Elarton
5.2%
Tampa Bay Rays
Dewon Brazelton
4.4%
Tampa Bay Rays
Tanyon Sturtze
4%
Pittsburgh Pirates
Kevin Correia
3.9%
Cincinnati Reds
Jimmy Haynes
3.6%
Pittsburgh Pirates
Todd Ritchie
3.4%
San Diego Padres
Kevin Jarvis
3%
Washington Nationals
Dustin Hermanson
2.6%
Pittsburgh Pirates
Ron Villone
2.2%
Texas Rangers
Ryan Drese
2.2%
Milwaukee Brewers
Steve Woodard
1.7%
San Diego Padres
Tim Stauffer
1.7%
Los Angeles Angels of Anaheim
Scott Schoeneweis
1.7%
Quiz Playlist
Details
Report
Send in Message
Add To Playlist
More Info:
Name every player who started an opening day game at pitcher from the 2000-2010 seasons.
Classic:
Type in answers that appear in a list
Quiz Source
Last Updated: Feb 16, 2017
Quiz Scoreboard
CHALLENGE
Sign Up to Join the Scoreboard
Show All
Scores
Hide
Comments
May contain spoilers
Recently Published
1-10 Letter E Words III
by El_Dandy
Language
2m
Street Fighter Characters
by Artimus82
Gaming
60s
College Basketball Coaching Resumes
by pancakes188
Sports
9m
More to Explore
Quiz From the Vault
Featured Blog Post
Where Did the Easter Bunny Come From?
hide this ad
You Might Also Like...
Tags
Baseball Quiz
MLB Quiz
Numbers Quiz
2000
Pitchers
Player
Started
team
Today's Top Quizzes in Sports
Browse Sports
hide this ad
Today's Top Quizzes in MLB
Browse MLB
Top Contributed Quizzes in Sports
1
2022 World Cup Stars
2
Les meilleurs buteurs des matchs entre le PSG et l’OM
3
FIFA Club World Cup Champions
4
Les entraîneurs de l'OM et du PSG au 21e siècle
5
Criteria MLB: Left Handed Sluggers
6
2023 MLB Unique Player Accomplishments
7
AFC Teams Reveal (Wrong Answers Minefield)
8
Players with Multiple 50 Home Run Seasons
9
5-to-1: FBS Animal Nicknames
10
5-to-1: UK Sports Teams
Explore More
Trending Topics
Anime
NBA
Crossword
Marvel
Kpop
Harry Potter
Disney
Country
Song
The Office
NFL
Puzzle
Pokémon
Soccer
WWE
hide this ad
More By:
Jethro
Quiz
Plays
Rating
Category
Featured
Created
NBA 30+ Point Games by Team (2000s)
223,758
4.56
Sports
Jan 13, 2011
NBA 1500+ Point Seasons (2000s)
219,046
4.59
Sports
Nov 7, 2010
NFL Pro Bowls by Position (2000s)
185,255
4.64
Sports
Dec 18, 2010
NBA 10+ Rebounds Per Game (2000s)
131,294
4.40
Sports
Oct 19, 2010
NFL Last Five 70+ Catch Seasons
91,696
4.27
Sports
Jan 6, 2011
Go to Creator's Profile
Score Distribution
Quiz Creator Spotlight
Jethro
Follow
Send a Message
Quizzes Created
-
Created Quiz Play Count
-
More By This Creator
Popular Quizzes Today
1
Find the US States - No Outlines Minefield
2
Find the Countries of Europe - No Outlines Minefield
3
The Countries of the World
4
Find the US States
5
Risky Map Clicking: Biggest States A-Z
6
US States
7
Popular People in 1961
8
Movies - When Are They Set?
More Sports Quizzes
20/21 WhoScored LaLiga Best XI
Quiz Lab
Trending Quizzes
Risky Map Clicking: Least Populous States A-Z
1-10 Letter G Words
USA Borders Longest to Shortest
1-10 Letter F Words
Countries of the World: 200 Million BC
Recently Updated
Leaping Animals
pecheneg
Reality TV Shows (A-Z)
bhenderson79
Rickey Henderson's Hall of Fame Teammates
pecheneg
Champions League XIs: Arsenal
pecheneg
Quick Pick: Celebrities in WWE's Hall of Fame
aduchscher
A-Z Keypad Blitz II
pecheneg
Multiple Oscar Actors
pecheneg
Mystery Phrase Blitz: Oscar 'Best Actors'
pecheneg
F. Scott Fitzgerald Novels
LTH
Pick 3 Villains
ddd62291
Trending Topics
NBA
Marvel
Crossword
Anime
Disney
Kpop
Harry Potter
The Office
Country
Puzzle
Soccer
Song
NFL
WWE
Pokémon
Your Account Isn't Verified!
In order to create a playlist on Sporcle, you need to verify the email address you used during registration. Go to your
Sporcle Settings
to finish the process.
Report this User
Report this user for behavior that violates our
Community Guidelines
.
Details:
Send Report
Go to the Sporcle.com Mobile Site →
Comments